| 000 | 00343cam a22001217a 4500 | ||
|---|---|---|---|
| 008 | 180718b1970 xxu||||| |||| 00| 0 eng d | ||
| 082 | _aT1 W216 | ||
| 100 | _aWard, Richard A. | ||
| 245 |
_aThe economic and financial system _cby Richard A. Ward |
||
| 260 |
_aCalifornia _bInternatonal Textbook _c1970 |
||
| 300 | _aix,302p. | ||
| 650 | _aEconomics | ||
| 999 |
_c433162 _d433162 |
||